[Event "4NCL9495 2nd Season"]
[Site "Various Venues"]
[Date "1995.03.18"]
[Round "9.3"]
[White "Holland, Christopher"]
[Black "Burgess, Graham"]
[Result "0-1"]
[WhiteElo "2275"]
[BlackElo "2260"]
[PlyCount "100"]
[EventDate "1994.10.01"]
[EventType "team-tourn"]
[EventRounds "11"]
[EventCountry "GBR"]
[SourceTitle "BritBase 11May2020"]
[SourceDate "2020.05.11"]
[SourceVersionDate "2020.05.11"]
[WhiteTeam "Na Fianna"]
[BlackTeam "Covent Garden"]
[WhiteTeamCountry "IRL"]
[BlackTeamCountry "ENG"]

1. c4 g6 2. Nc3 Bg7 3. g3 Nc6 4. Bg2 d6 5. Rb1 Bg4 6. b4 Qc8 7. Qa4 Bd7 8. b5
Nd4 9. e3 Ne6 10. Nge2 h5 11. h3 Nh6 12. Qc2 c5 13. Bb2 Ng5 14. Ne4 Ne6 15.
Bxg7 Nxg7 16. Nf4 O-O 17. Nd5 Qd8 18. f4 Bf5 19. O-O Kh8 20. d3 e6 21. Ndc3 d5
22. Nf2 d4 23. Ncd1 g5 24. e4 Bh7 25. Qd2 f6 26. fxg5 fxg5 27. e5 Ngf5 28. Ne4
Rg8 29. Qe2 g4 30. h4 Qc7 31. Nf6 Nxg3 32. Qd2 Nhf5 33. Re1 Nxh4 34. Nxg8 Rxg8
35. Nf2 Nf3+ 36. Bxf3 gxf3 37. Kh2 Nf1+ 38. Rxf1 Qxe5+ 39. Kh1 Rg2 40. Ng4 hxg4
41. Qh6 Qg7 42. Qh5 Qg6 43. Qe5+ Kg8 44. Qb8+ Kg7 45. Qc7+ Qf7 46. b6 axb6 47.
Qxf7+ Kxf7 48. Rg1 Bxd3 49. Rxb6 Rxg1+ 50. Kxg1 g3 {Source: scoresheet} 0-1

[Event "4NCL9495 2nd Season"]
[Site "Various Venues"]
[Date "1995.03.18"]
[Round "9.4"]
[White "Franklin, Michael J"]
[Black "Wallace, Paul Anthony"]
[Result "0-1"]
[WhiteElo "2240"]
[BlackElo "2230"]
[PlyCount "66"]
[EventDate "1994.10.01"]
[EventType "team-tourn"]
[EventRounds "11"]
[EventCountry "GBR"]
[SourceTitle "BritBase 11May2020"]
[SourceDate "2020.05.11"]
[SourceVersionDate "2020.05.11"]
[WhiteTeam "Covent Garden"]
[BlackTeam "Na Fianna"]
[WhiteTeamCountry "ENG"]
[BlackTeamCountry "IRL"]

1. c4 e5 2. Nc3 g6 3. g3 Bg7 4. Bg2 Ne7 5. e3 d6 6. Nge2 h5 7. h3 Nbc6 8. d3
Be6 9. Nd5 h4 10. g4 Rb8 11. Nec3 a6 12. a4 a5 13. Bd2 Nb4 14. Nxb4 axb4 15.
Nd5 c5 16. Ra2 Nxd5 17. Bxd5 Bxd5 18. cxd5 Ra8 19. Qb3 Ra5 20. O-O Qd7 21. f4
exf4 22. Rxf4 Be5 23. Rf3 f5 24. gxf5 gxf5 25. Qd1 Rg8+ 26. Kh1 Qf7 27. e4 Qg6
28. Qf1 fxe4 29. dxe4 Qxe4 30. Qd3 Qxd3 31. Rxd3 b5 32. b3 Rg3 33. Rxg3 hxg3 {
Source: scoresheet} 0-1

[Event "4NCL9495 2nd Season"]
[Site "Various Venues"]
[Date "1995.03.18"]
[Round "9.5"]
[White "Clarke, Thomas M"]
[Black "Lyell, Mark"]
[Result "1-0"]
[WhiteElo "2215"]
[BlackElo "2260"]
[PlyCount "81"]
[EventDate "1994.10.01"]
[EventType "team-tourn"]
[EventRounds "11"]
[EventCountry "GBR"]
[SourceTitle "BritBase 11May2020"]
[SourceDate "2020.05.11"]
[SourceVersionDate "2020.05.11"]
[WhiteTeam "Na Fianna"]
[BlackTeam "Covent Garden"]
[WhiteTeamCountry "IRL"]
[BlackTeamCountry "ENG"]

1. d4 f5 2. Nf3 g6 3. g3 Bg7 4. Bg2 Nf6 5. O-O O-O 6. c4 d6 7. Nc3 Qe8 8. b3
Na6 9. Bb2 e5 10. dxe5 dxe5 11. e4 f4 12. gxf4 Nh5 13. Ne2 Bg4 14. Qd5+ Kh8 15.
Qxb7 Nxf4 16. Nxf4 Rxf4 17. Nxe5 Rb8 18. Qxa6 Bxe5 19. Bxe5+ Qxe5 20. Rae1 Bf3
21. Re3 Bxg2 22. Kxg2 Rbf8 23. Qc6 Qb2 24. Kh3 Rxf2 25. Rxf2 Qxf2 26. Rg3 Qf1+
27. Kh4 Rf4+ 28. Rg4 Rxg4+ 29. Kxg4 Qg2+ 30. Kf4 Qxh2+ 31. Ke3 Qe5 32. Qd5 Qxd5
33. cxd5 Kg7 34. e5 g5 35. b4 h5 36. b5 Kg6 37. a4 h4 38. d6 cxd6 39. exd6 Kf6
40. a5 Ke6 41. b6 {Source: scoresheet} 1-0

[Event "4NCL9495 2nd Season"]
[Site "Various Venues"]
[Date "1995.03.18"]
[Round "9.6"]
[White "Moore, Gerald"]
[Black "McMichael, Richard"]
[Result "1/2-1/2"]
[WhiteElo "2210"]
[BlackElo "2300"]
[PlyCount "82"]
[EventDate "1994.10.01"]
[EventType "team-tourn"]
[EventRounds "11"]
[EventCountry "GBR"]
[SourceTitle "BritBase 10May2020"]
[SourceDate "2020.05.10"]
[SourceVersionDate "2020.05.10"]
[WhiteTeam "Covent Garden"]
[BlackTeam "Na Fianna"]
[WhiteTeamCountry "ENG"]
[BlackTeamCountry "IRL"]

1. Nf3 d6 2. d4 Bg4 3. e4 Nf6 4. Bd3 e6 5. O-O Be7 6. Nbd2 O-O 7. Re1 d5 8. e5
Nfd7 9. c3 Bh5 10. Nf1 c5 11. Ng3 Bg6 12. Bxg6 hxg6 13. dxc5 Nxc5 14. Qd4 Nc6
15. Qg4 Nd3 16. Re3 Nxc1 17. Rxc1 Qb6 18. b3 Rfd8 19. Ne2 Rac8 20. Re1 Bc5 21.
Ned4 Bxd4 22. cxd4 Ne7 23. h4 Nf5 24. Rd3 Qb4 25. h5 gxh5 26. Qxh5 g6 27. Qg5
Qe7 28. Qd2 Kg7 29. Rc1 Rh8 30. Rxc8 Rxc8 31. Rc3 Rxc3 32. Qxc3 Qa3 33. Qd2 Qe7
34. Qc3 Nh4 35. Nxh4 Qxh4 36. a4 b6 37. b4 Qe4 38. a5 Qb1+ 39. Kh2 Qa2 40. Kg3
Qc4 41. Qd2 b5 {Source: scoresheet} 1/2-1/2

[Event "4NCL9495 2nd Season"]
[Site "Various Venues"]
[Date "1995.03.18"]
[Round "9.7"]
[White "Connolly, Suzanne"]
[Black "Lazarus, Simon E"]
[Result "1-0"]
[WhiteElo "2035"]
[BlackElo "2088"]
[PlyCount "97"]
[EventDate "1994.10.01"]
[EventType "team-tourn"]
[EventRounds "11"]
[EventCountry "GBR"]
[SourceTitle "BritBase 11May2020"]
[SourceDate "2020.05.11"]
[SourceVersionDate "2020.05.11"]
[WhiteTeam "Na Fianna"]
[BlackTeam "Covent Garden"]
[WhiteTeamCountry "IRL"]
[BlackTeamCountry "ENG"]

1. e4 c5 2. Nf3 Nc6 3. d4 cxd4 4. Nxd4 Nf6 5. Nc3 e5 6. Ndb5 d6 7. Bg5 a6 8.
Na3 b5 9. Nd5 Be7 10. Bxf6 Bxf6 11. c3 O-O 12. Nc2 Rb8 13. Be2 Bg5 14. Nce3 g6
15. O-O f5 16. Qd3 fxe4 17. Qxe4 Bf5 18. Nxf5 gxf5 19. Qc2 Qc8 20. a4 Nd4 21.
Qd1 Nxe2+ 22. Qxe2 Qc4 23. Qd1 Rb7 24. b3 Qc5 25. axb5 axb5 26. Ra5 Bd8 27. Ra6
Rg7 28. b4 Qc4 29. Rxd6 Qh4 30. Qe2 e4 31. f4 Kh8 32. Qxb5 Rfg8 33. Qe2 Qh3 34.
Ne3 Bc7 35. Ra6 Bb8 36. Kh1 Qh4 37. Nxf5 Qg4 38. Qxg4 Rxg4 39. Nh6 R4g6 40.
Nf7+ Kg7 41. Rxg6+ Kxg6 42. Ne5+ Bxe5 43. fxe5 Rc8 44. g3 Rxc3 45. Rf4 Rc1+ 46.
Kg2 Rc2+ 47. Kf1 Rxh2 48. Rxe4 Kf5 49. Re2 {Source: scoresheet} 1-0

[Event "4NCL9495 2nd Season"]
[Site "Various Venues"]
[Date "1995.03.18"]
[Round "9.1"]
[White "McDonald, Neil R"]
[Black "Hennigan, Michael"]
[Result "0-1"]
[WhiteElo "2460"]
[BlackElo "2410"]
[PlyCount "86"]
[EventDate "1994.10.01"]
[EventType "team-tourn"]
[EventRounds "11"]
[EventCountry "GBR"]
[SourceTitle "BritBase 11May2020"]
[SourceDate "2020.05.11"]
[SourceVersionDate "2020.05.11"]
[WhiteTeam "Invicta Knights"]
[BlackTeam "Slough"]
[WhiteTeamCountry "ENG"]
[BlackTeamCountry "ENG"]

1. e4 c5 2. Nf3 Nc6 3. d4 cxd4 4. Nxd4 Nf6 5. Nc3 d6 6. Bg5 e6 7. Qd2 a6 8.
O-O-O Bd7 9. f3 h6 10. Be3 Nxd4 11. Bxd4 b5 12. Bd3 b4 13. Ne2 e5 14. Bf2 a5
15. Kb1 Qc7 16. c4 Be7 17. g4 Be6 18. Ng3 g6 19. Be3 h5 20. gxh5 Nxh5 21. Nxh5
Rxh5 22. Rc1 Qc6 23. Be2 Rh3 24. Ka1 Rb8 25. Bf2 Bd8 26. Rcd1 Bb6 27. Bxb6 Rxb6
28. f4 Qc5 29. fxe5 Qxe5 30. Bf1 Ra3 31. Qd4 Qxd4 32. Rxd4 Re3 33. Bd3 Ke7 34.
Bb1 Rc6 35. b3 g5 36. h4 g4 37. h5 Rh3 38. Rxh3 gxh3 39. h6 Rc8 40. h7 Rh8 41.
Rd1 Bg4 42. Rh1 Ke6 43. e5 Kxe5 {Source: scoresheet} 0-1

[Event "4NCL9495 2nd Season"]
[Site "Various Venues"]
[Date "1995.03.18"]
[Round "9.2"]
[White "Summerscale, Aaron"]
[Black "Brown, Simon D"]
[Result "1-0"]
[WhiteElo "2435"]
[BlackElo "2290"]
[PlyCount "107"]
[EventDate "1994.10.01"]
[EventType "team-tourn"]
[EventRounds "11"]
[EventCountry "GBR"]
[SourceTitle "BritBase 11May2020"]
[SourceDate "2020.05.11"]
[SourceVersionDate "2020.05.11"]
[WhiteTeam "Slough"]
[BlackTeam "Invicta Knights"]
[WhiteTeamCountry "ENG"]
[BlackTeamCountry "ENG"]

1. d4 e6 2. c4 d5 3. Nf3 Nf6 4. g3 c5 5. Bg2 Nc6 6. O-O Be7 7. cxd5 exd5 8. Nc3
O-O 9. Bg5 cxd4 10. Nxd4 h6 11. Be3 Re8 12. Rc1 Bf8 13. Nxc6 bxc6 14. Na4 Ng4
15. Bc5 Ba6 16. Re1 Qf6 17. Bd4 Qg6 18. Nc5 Bc8 19. Nd3 Bf5 20. h3 Bxd3 21.
Qxd3 Qxd3 22. exd3 c5 23. Bc3 Nf6 24. Bxf6 gxf6 25. Bxd5 Rxe1+ 26. Rxe1 Rd8 27.
Bc4 Rd7 28. Re8 Kg7 29. Kg2 Bd6 30. Kf3 f5 31. Ba6 Kf6 32. a4 Bc7 33. Rh8 Kg6
34. Ra8 Be5 35. b3 Kf6 36. Bb5 Re7 37. Rh8 Kg6 38. Rd8 Kf6 39. Rd5 Bd4 40. Bc4
Kg6 41. b4 Rc7 42. a5 Bc3 43. bxc5 Bxa5 44. d4 f4 45. Kxf4 Rb7 46. Rd6+ Kg7 47.
Ke4 Re7+ 48. Kf3 Bb4 49. Ra6 f6 50. g4 Kg6 51. Be6 Rc7 52. Ke4 Bxc5 53. dxc5
Rxc5 54. Kf4 {Source: scoresheet} 1-0

[Event "4NCL9495 2nd Season"]
[Site "Various Venues"]
[Date "1995.03.18"]
[Round "9.3"]
[White "Hanreck, Alan E"]
[Black "Cummings, David H"]
[Result "0-1"]
[WhiteElo "2245"]
[BlackElo "2375"]
[PlyCount "80"]
[EventDate "1994.10.01"]
[EventType "team-tourn"]
[EventRounds "11"]
[EventCountry "GBR"]
[SourceTitle "BritBase 10May2020"]
[SourceDate "2020.05.10"]
[SourceVersionDate "2020.05.10"]
[WhiteTeam "Invicta Knights"]
[BlackTeam "Slough"]
[WhiteTeamCountry "ENG"]
[BlackTeamCountry "ENG"]

1. c4 Nf6 2. Nc3 g6 3. g3 Bg7 4. Bg2 O-O 5. e4 d6 6. Nge2 c6 7. O-O a6 8. d3 b5
9. h3 Nbd7 10. Be3 Rb8 11. Qd2 bxc4 12. dxc4 Ne5 13. b3 Bxh3 14. c5 Bxg2 15.
Kxg2 dxc5 16. Qxd8 Rfxd8 17. Bxc5 Rd7 18. Bd4 Ne8 19. Na4 Ng4 20. Bxg7 Kxg7 21.
Rfc1 Rd2 22. Kf1 Nef6 23. Nc5 Nh2+ 24. Ke1 Nf3+ 25. Kf1 Nh2+ 26. Ke1 Nf3+ 27.
Kf1 Ng4 28. Kg2 Nfe5 29. Re1 Rbd8 30. a4 Nd3 31. Nxd3 R8xd3 32. Rab1 h5 33. b4
Ra3 34. b5 cxb5 35. axb5 axb5 36. Rxb5 Raa2 37. Kf3 Kf6 38. Rb3 Rdc2 39. Rb6+
e6 40. Rb3 g5 {Source: scoresheet} 0-1

[Event "4NCL9495 2nd Season"]
[Site "Various Venues"]
[Date "1995.03.18"]
[Round "9.4"]
[White "Webb, Richard M"]
[Black "Dickenson, Neil F"]
[Result "0-1"]
[WhiteElo "2320"]
[BlackElo "2315"]
[PlyCount "50"]
[EventDate "1994.10.01"]
[EventType "team-tourn"]
[EventRounds "11"]
[EventCountry "GBR"]
[SourceTitle "BritBase 11May2020"]
[SourceDate "2020.05.11"]
[SourceVersionDate "2020.05.11"]
[WhiteTeam "Slough"]
[BlackTeam "Invicta Knights"]
[WhiteTeamCountry "ENG"]
[BlackTeamCountry "ENG"]

1. e4 e6 2. d3 d5 3. Nd2 Nf6 4. Ngf3 Nc6 5. g3 dxe4 6. dxe4 e5 7. Bg2 Bc5 8.
O-O O-O 9. c3 a5 10. Qc2 b6 11. Nc4 Ba6 12. Rd1 Qe7 13. Ne3 Rad8 14. Nd5 Nxd5
15. exd5 e4 16. Ne1 Ne5 17. Be3 Bxe3 18. fxe3 f5 19. b3 Ng4 20. Qd2 Qg5 21. Nc2
Bd3 22. Nd4 Qxe3+ 23. Qxe3 Nxe3 24. Rd2 Nxg2 25. Kxg2 Rxd5 0-1

[Event "4NCL9495 2nd Season"]
[Site "Various Venues"]
[Date "1995.03.18"]
[Round "9.5"]
[White "Gormally, Daniel"]
[Black "Houska, Miroslav"]
[Result "0-1"]
[WhiteElo "2168"]
[BlackElo "2245"]
[PlyCount "88"]
[EventDate "1994.10.01"]
[EventType "team-tourn"]
[EventRounds "11"]
[EventCountry "GBR"]
[SourceTitle "BritBase 11May2020"]
[SourceDate "2020.05.11"]
[SourceVersionDate "2020.05.11"]
[WhiteTeam "Invicta Knights"]
[BlackTeam "Slough"]
[WhiteTeamCountry "ENG"]
[BlackTeamCountry "ENG"]

1. d4 d6 2. c4 f5 3. Nc3 Nf6 4. g3 g6 5. Bg2 Bg7 6. Nf3 O-O 7. O-O Qe8 8. d5
Na6 9. Nd4 Bd7 10. Rb1 c6 11. b4 Nxb4 12. Rxb4 c5 13. Rxb7 cxd4 14. Nb5 Qc8 15.
Rc7 Qb8 16. Rxd7 Nxd7 17. Nxd4 Bxd4 18. Qxd4 Qb6 19. Qh4 Nf6 20. Be3 Qb4 21.
Bd4 Rac8 22. Bxa7 Qxc4 23. Qg5 Qxe2 24. Bd4 Qxa2 25. Re1 Qc4 26. Qe3 Rf7 27.
Bxf6 exf6 28. h4 Qa4 29. h5 Kg7 30. Kh2 Qd7 31. Bh3 Qa7 32. Qf4 Re7 33. h6+ Kf7
34. Bxf5 gxf5 35. Qxf5 Rh8 36. Re6 Ke8 37. Rxf6 Qd7 38. Re6 Rf8 39. Rxe7+ Qxe7
40. Qc8+ Kf7 41. Qg4 Qf6 42. Kg2 Qxh6 43. f4 Qg6 44. Qd7+ Kg8 {Source:
scoresheet} 0-1

[Event "4NCL9495 2nd Season"]
[Site "Various Venues"]
[Date "1995.03.18"]
[Round "9.6"]
[White "Richardson, John R"]
[Black "Harakis, Alexis"]
[Result "1-0"]
[WhiteElo "2290"]
[BlackElo "2170"]
[PlyCount "81"]
[EventDate "1994.10.01"]
[EventType "team-tourn"]
[EventRounds "11"]
[EventCountry "GBR"]
[SourceTitle "BritBase 10May2020"]
[SourceDate "2020.05.10"]
[SourceVersionDate "2020.05.10"]
[WhiteTeam "Slough"]
[BlackTeam "Invicta Knights"]
[WhiteTeamCountry "ENG"]
[BlackTeamCountry "ENG"]

1. d4 e6 2. c4 Nf6 3. Nc3 d5 4. Nf3 Nbd7 5. Bf4 Bb4 6. e3 c5 7. Bd3 O-O 8. O-O
cxd4 9. exd4 dxc4 10. Bxc4 Nb6 11. Bd3 Nbd5 12. Bd2 Nxc3 13. bxc3 Be7 14. Ne5
Qd5 15. Bc4 Qd6 16. Qf3 Nd7 17. Nxd7 Bxd7 18. Qxb7 Bc6 19. Qa6 Qc7 20. Bd3 Bd6
21. h3 Rfb8 22. Rab1 Rb6 23. Qc4 Qb7 24. f3 Rc8 25. Rxb6 axb6 26. Qb3 Bb8 27.
Qc2 Qc7 28. f4 Qb7 29. Rf2 g6 30. Re2 Bd5 31. Qa4 Bd6 32. c4 Bc6 33. Qb3 Qc7
34. Rf2 Ra8 35. Bc1 Qd8 36. Be3 Ra3 37. Qc2 Ba4 38. Qb1 Bc5 39. dxc5 Rxd3 40.
Qxb6 Qxb6 41. cxb6 {Source: scoresheet} 1-0

[Event "4NCL9495 2nd Season"]
[Site "Various Venues"]
[Date "1995.03.18"]
[Round "9.7"]
[White "Mack, Andrew"]
[Black "Noyce, Robert C"]
[Result "0-1"]
[WhiteElo "2240"]
[BlackElo "2190"]
[PlyCount "66"]
[EventDate "1994.10.01"]
[EventType "team-tourn"]
[EventRounds "11"]
[EventCountry "GBR"]
[SourceTitle "BritBase 11May2020"]
[SourceDate "2020.05.11"]
[SourceVersionDate "2020.05.11"]
[WhiteTeam "Invicta Knights"]
[BlackTeam "Slough"]
[WhiteTeamCountry "ENG"]
[BlackTeamCountry "ENG"]

1. e4 g6 2. d4 Bg7 3. Nc3 c6 4. h3 d5 5. Nf3 Nf6 6. e5 Ne4 7. Nxe4 dxe4 8. Ng5
c5 9. Bb5+ Nc6 10. c3 cxd4 11. Qxd4 O-O 12. Qxd8 Rxd8 13. e6 f5 14. Bf4 Ne5 15.
Bxe5 Bxe5 16. Nf7 Rd5 17. Bc4 Rc5 18. Bb3 a5 19. Rd1 Bc7 20. g4 fxg4 21. hxg4
Ra6 22. Rd4 Bxe6 23. Nd8 Bxb3 24. axb3 Rb6 25. Rd7 Bxd8 26. Rxd8+ Kg7 27. Rd7
Re5 28. Kd2 Rxb3 29. Kc2 Rb6 30. Re1 Rf6 31. Re2 b5 32. Ra7 a4 33. Kd2 Rxf2 {
Source: scoresheet} 0-1

[Event "4NCL9495 2nd Season"]
[Site "Various Venues"]
[Date "1995.03.18"]
[Round "9.8"]
[White "Houska, Jovanka"]
[Black "Howell, Susan"]
[Result "1-0"]
[WhiteElo "2015"]
[BlackElo "1775"]
[PlyCount "81"]
[EventDate "1994.10.01"]
[EventType "team-tourn"]
[EventRounds "11"]
[EventCountry "GBR"]
[SourceTitle "BritBase 10May2020"]
[SourceDate "2020.05.10"]
[SourceVersionDate "2020.05.10"]
[WhiteTeam "Slough"]
[BlackTeam "Invicta Knights"]
[WhiteTeamCountry "ENG"]
[BlackTeamCountry "ENG"]

1. e4 e6 2. d4 d5 3. exd5 exd5 4. Bf4 Bd6 5. Bg3 Nf6 6. Bd3 O-O 7. Ne2 Nc6 8.
Nbc3 Re8 9. Nb5 Ne4 10. Nxd6 Nxd6 11. O-O Nb4 12. Bxd6 Qxd6 13. Ng3 Nxd3 14.
Qxd3 Bd7 15. Qb3 b6 16. Rfe1 g6 17. h3 c6 18. a4 Rxe1+ 19. Rxe1 Re8 20. Rxe8+
Bxe8 21. Qe3 Qe6 22. Qg5 f6 23. Qe3 Qxe3 24. fxe3 Bd7 25. Kf2 Kf7 26. c3 Ke7
27. Ke2 Be6 28. Kd3 Kf7 29. b4 Ke7 30. e4 dxe4+ 31. Nxe4 Bf5 32. c4 Bxe4+ 33.
Kxe4 Kd6 34. c5+ bxc5 35. dxc5+ Kc7 36. b5 Kb7 37. h4 a6 38. b6 h6 39. a5 Kc8
40. h5 f5+ 41. Ke5 {Source: scoresheet} 1-0

[Event "4NCL9495 2nd Season"]
[Site "Various Venues"]
[Date "1995.03.18"]
[Round "9.1"]
[White "Ansell, Simon"]
[Black "James, David J"]
[Result "1-0"]
[WhiteElo "2320"]
[BlackElo "2250"]
[PlyCount "55"]
[EventDate "1994.10.01"]
[EventType "team-tourn"]
[EventRounds "11"]
[EventCountry "GBR"]
[SourceTitle "BritBase"]
[SourceDate "2020.05.17"]
[SourceVersion "1"]
[SourceVersionDate "2020.05.17"]
[SourceQuality "1"]
[WhiteTeam "Witney"]
[BlackTeam "South Wales Dragons"]
[WhiteTeamCountry "ENG"]
[BlackTeamCountry "WLS"]

1. e4 c5 2. Nf3 d6 3. Bb5+ Bd7 4. Bxd7+ Nxd7 5. O-O Ngf6 6. Qe2 e6 7. c3 Be7 8.
d4 O-O 9. Rd1 Qc7 10. Bf4 Rac8 11. Nbd2 cxd4 12. Nxd4 a6 13. Bg3 Rfe8 14. Rac1
Qb6 15. h3 Nf8 16. Nc4 Qc5 17. e5 dxe5 18. Nxe5 Red8 19. b3 Nd5 20. c4 Bg5 21.
Qh5 Bxc1 22. Qxf7+ Kh8 23. Nxe6 Nxe6 24. Qxe6 Rf8 25. Rxd5 Qa3 26. Nf7+ Rxf7
27. Qxc8+ Rf8 28. Rd8 1-0

[Event "4NCL9495 2nd Season"]
[Site "Various Venues"]
[Date "1995.03.18"]
[Round "9.2"]
[White "Zeidler, Sven"]
[Black "Cobb, James"]
[Result "0-1"]
[WhiteElo "2215"]
[BlackElo "2265"]
[PlyCount "62"]
[EventDate "1994.10.01"]
[EventType "team-tourn"]
[EventRounds "11"]
[EventCountry "GBR"]
[SourceTitle "BritBase"]
[SourceDate "2020.05.17"]
[SourceVersion "1"]
[SourceVersionDate "2020.05.17"]
[SourceQuality "1"]
[WhiteTeam "South Wales Dragons"]
[BlackTeam "Witney"]
[WhiteTeamCountry "WLS"]
[BlackTeamCountry "ENG"]

1. e4 c6 2. d4 d5 3. f3 e6 4. Nc3 Bb4 5. Bf4 Nf6 6. Qd3 b6 7. Nge2 Ba6 8. Qe3
O-O 9. a3 Be7 10. O-O-O Nbd7 11. Ng3 Bxf1 12. Rhxf1 b5 13. Qd3 b4 14. axb4 Bxb4
15. Na2 Be7 16. Qa6 c5 17. c3 cxd4 18. cxd4 Nb6 19. Kb1 Qd7 20. Rc1 Ne8 21.
Rfd1 Nd6 22. b3 Rab8 23. Ka1 Rb7 24. Nc3 Rfb8 25. Rb1 Na8 26. Na4 Nc7 27. Qd3
Nc4 28. Nc5 Bxc5 29. dxc5 Rxb3 30. Rxb3 Qa4+ 31. Ra3 Nxa3 0-1

[Event "4NCL9495 2nd Season"]
[Site "Various Venues"]
[Date "1995.03.18"]
[Round "9.3"]
[White "Brooks, Phil J"]
[Black "Richmond, Peter"]
[Result "1/2-1/2"]
[WhiteElo "2240"]
[BlackElo "2180"]
[PlyCount "83"]
[EventDate "1994.10.01"]
[EventType "team-tourn"]
[EventRounds "11"]
[EventCountry "GBR"]
[SourceTitle "BritBase"]
[SourceDate "2020.05.17"]
[SourceVersion "1"]
[SourceVersionDate "2020.05.17"]
[SourceQuality "1"]
[WhiteTeam "Witney"]
[BlackTeam "South Wales Dragons"]
[WhiteTeamCountry "ENG"]
[BlackTeamCountry "WLS"]

1. d4 d5 2. c4 dxc4 3. Nf3 Nf6 4. e3 e6 5. Bxc4 c5 6. O-O a6 7. Qe2 Nc6 8. Nc3
Qc7 9. Rd1 cxd4 10. exd4 Be7 11. Bg5 O-O 12. Rac1 h6 13. Be3 b5 14. Bd3 Bb7 15.
Ne4 Nxe4 16. Bxe4 Rac8 17. Bb1 Qd6 18. Qd2 f5 19. Bf4 Qd7 20. d5 exd5 21. Qxd5+
Qxd5 22. Rxd5 Nb4 23. Rd7 Bxf3 24. gxf3 Bf6 25. Rxc8 Rxc8 26. Bxf5 Bxb2 27.
Rxg7+ Kxg7 28. Bxc8 Nxa2 29. Bxa6 b4 30. Bc4 Nc3 31. Be5+ Kg6 32. f4 Na4 33.
Bd3+ Kf7 34. Bc2 Bxe5 35. fxe5 Nc5 36. f4 b3 37. Bb1 Na4 38. Kf2 Nc3 39. Bd3 b2
40. f5 b1=Q 41. Bxb1 Nxb1 42. Kg2 1/2-1/2

[Event "4NCL9495 2nd Season"]
[Site "Various Venues"]
[Date "1995.03.18"]
[Round "9.4"]
[White "Morris, Charles F"]
[Black "Cobb, Charles"]
[Result "0-1"]
[WhiteElo "2195"]
[BlackElo "2170"]
[PlyCount "48"]
[EventDate "1994.10.01"]
[EventType "team-tourn"]
[EventRounds "11"]
[EventCountry "GBR"]
[SourceTitle "BritBase"]
[SourceDate "2020.05.17"]
[SourceVersion "1"]
[SourceVersionDate "2020.05.17"]
[SourceQuality "1"]
[WhiteTeam "South Wales Dragons"]
[BlackTeam "Witney"]
[WhiteTeamCountry "WLS"]
[BlackTeamCountry "ENG"]

1. c4 e6 2. Nc3 b6 3. Nf3 Bb7 4. e4 Nf6 5. Bd3 c5 6. e5 Ng4 7. Be4 Bxe4 8. Nxe4
Nc6 9. d4 cxd4 10. Bf4 Bb4+ 11. Kf1 f6 12. Nxd4 Ngxe5 13. Bxe5 Nxe5 14. Qa4 Qe7
15. Nxe6 Qxe6 16. Qxb4 a5 17. Qc3 O-O 18. Rc1 Rac8 19. Nd2 d5 20. Qe3 dxc4 21.
h3 Qd5 22. f4 Nd3 23. Rb1 Rfe8 24. Qxb6 Nxf4 0-1

[Event "4NCL9495 2nd Season"]
[Site "Various Venues"]
[Date "1995.03.18"]
[Round "9.5"]
[White "Haydon, Richard"]
[Black "Smith, Jeff R"]
[Result "1-0"]
[WhiteElo "2190"]
[BlackElo "2205"]
[PlyCount "67"]
[EventDate "1994.10.01"]
[EventType "team-tourn"]
[EventRounds "11"]
[EventCountry "GBR"]
[SourceTitle "BritBase"]
[SourceDate "2020.05.17"]
[SourceVersion "1"]
[SourceVersionDate "2020.05.17"]
[SourceQuality "1"]
[WhiteTeam "Witney"]
[BlackTeam "South Wales Dragons"]
[WhiteTeamCountry "ENG"]
[BlackTeamCountry "WLS"]

1. Nf3 Nf6 2. g3 b6 3. Bg2 Bb7 4. c4 e6 5. O-O Be7 6. Nc3 O-O 7. Re1 d5 8. cxd5
exd5 9. d4 Nbd7 10. Ne5 c5 11. Nxd7 Qxd7 12. dxc5 bxc5 13. Bg5 d4 14. Bxf6 Bxf6
15. Ne4 Be7 16. b3 f5 17. Nd2 Bxg2 18. Kxg2 Rf6 19. Qc2 Raf8 20. Rad1 f4 21. f3
fxg3 22. hxg3 Rg6 23. Rh1 Rf5 24. Rh3 h5 25. Ne4 h4 26. Rdh1 Qe6 27. Qd3 hxg3
28. Rh8+ Kf7 29. Qb5 Qc6 30. Qb8 Ke6 31. Re8 Rf7 32. Rh5 Kd7 33. Nxc5+ Bxc5 34.
Qd8# {Source: scoresheet} 1-0

[Event "4NCL9495 2nd Season"]
[Site "Various Venues"]
[Date "1995.03.18"]
[Round "9.6"]
[White "Saunders, John C"]
[Black "Headlong, Timothy"]
[Result "1/2-1/2"]
[WhiteElo "2250"]
[BlackElo "2195"]
[PlyCount "91"]
[EventDate "1994.10.01"]
[EventType "team-tourn"]
[EventRounds "11"]
[EventCountry "GBR"]
[SourceTitle "BritBase"]
[SourceDate "2020.05.17"]
[SourceVersion "1"]
[SourceVersionDate "2020.05.17"]
[SourceQuality "1"]
[WhiteTeam "South Wales Dragons"]
[BlackTeam "Witney"]
[WhiteTeamCountry "WLS"]
[BlackTeamCountry "ENG"]

1. e4 c6 2. d4 d5 3. Nd2 dxe4 4. Nxe4 Nd7 5. Nf3 Ngf6 6. Ng3 c5 7. c3 cxd4 8.
Nxd4 e6 9. Bd3 Bc5 10. Bc2 O-O 11. O-O b6 12. Re1 Bb7 13. Qd3 g6 14. Bh6 Re8
15. h3 Qc7 16. Rad1 Rad8 17. Qe2 a6 18. Ne4 Nxe4 19. Bxe4 Bf8 20. Bxb7 Qxb7 21.
Bg5 Rc8 22. Nf3 b5 23. Qd2 Nb6 24. Ne5 Bg7 25. Ng4 Nd5 26. Bh6 f6 27. Bxg7 Qxg7
28. Qe2 Rcd8 29. Qf3 f5 30. Ne5 Qc7 31. Qg3 Ne7 32. Nxg6 Qxg3 33. Nxe7+ Kf7 34.
fxg3 Kxe7 35. Kf2 Kf6 36. Ke2 Rg8 37. Rxd8 Rxd8 38. Rd1 Rg8 39. Kf3 Rb8 40. Rd4
a5 41. Rd6 b4 42. b3 bxc3 43. Rc6 Rd8 44. Rxc3 Rd2 45. a4 h5 46. Rc5 1/2-1/2

[Event "4NCL9495 2nd Season"]
[Site "Various Venues"]
[Date "1995.03.18"]
[Round "9.7"]
[White "Truran, Michael C"]
[Black "Williams, Leighton"]
[Result "1-0"]
[WhiteElo "2220"]
[BlackElo "2150"]
[PlyCount "49"]
[EventDate "1994.10.01"]
[EventType "team-tourn"]
[EventRounds "11"]
[EventCountry "GBR"]
[SourceTitle "BritBase"]
[SourceDate "2020.05.17"]
[SourceVersion "1"]
[SourceVersionDate "2020.05.17"]
[SourceQuality "1"]
[WhiteTeam "Witney"]
[BlackTeam "South Wales Dragons"]
[WhiteTeamCountry "ENG"]
[BlackTeamCountry "WLS"]

1. d4 Nf6 2. c4 g6 3. Nc3 Bg7 4. Nf3 O-O 5. Bf4 c5 $6 6. d5 Qa5 7. Nd2 e5 8.
Bxe5 Re8 9. Bd6 Qb6 10. Nb5 Na6 11. e3 Qa5 12. Bd3 Nb4 13. Be2 Ne4 14. Bc7 b6
15. O-O Ba6 16. Nxe4 Bxb5 17. Nd6 Ba4 18. b3 Rf8 19. bxa4 Bxa1 20. Qxa1 Na6 21.
Nb5 Nxc7 22. Nxc7 Rac8 23. d6 Qd2 24. Nd5 f6 25. Bf3 1-0